[Event "Liptovsky Mikulas CupT U20"]
[Site "Liptovsky Mikulas"]
[Date "2015.06.26"]
[Round "2.3"]
[White "Kuna, Martin"]
[Black "Pistovcakova, Aneta"]
[Result "1/2-1/2"]
[WhiteElo "1696"]
[BlackElo "1789"]
[PlyCount "80"]
[EventDate "2015.06.25"]
[EventType "team-swiss"]
[EventRounds "7"]
[EventCountry "SVK"]
[SourceTitle "CBM 167 Extra"]
[Source "ChessBase"]
[SourceDate "2015.09.14"]
[SourceVersion "1"]
[SourceVersionDate "2015.09.14"]
[SourceQuality "1"]
[WhiteTeam "Nitra Junior (U18)"]
[BlackTeam "Opavsko (U18)"]
[WhiteTeamCountry "SVK"]
[BlackTeamCountry "CZE"]

1. e4 c5 2. Nf3 g6 3. d4 cxd4 4. Nxd4 Nc6 5. c4 Bg7 6. Be3 Nf6 7. Nc3 0-0 8. Be2 Qa5 9. 0-0 d6 10. f3 Nxd4 11. Bxd4 Be6 12. Bxf6 Bxf6 13. Nd5 Bxd5 14. cxd5 Qb6+ 15. Kh1 Qxb2 16. Rb1 Qxa2 17. Rxb7 Rfb8 18. Qb1 Qxb1 19. Rfxb1 Rxb7 20. Rxb7 a5 21. Rb6 Rc8 22. Rc6 Rb8 23. g3 Rb2 24. Bc4 Rb4 25. Ba2 a4 26. Rc4 Rxc4 27. Bxc4 Kg7 28. Kg2 Bd4 29. f4 h5 30. h3 Kf6 31. Kf3 a3 32. Ba2 g5 33. Bb3 gxf4 34. gxf4 Kg6 35. Ba2 f5 36. Bb3 Kf6 37. Ba2 Bc5 38. Bb3 Bd4 39. Ba2 Bc5 40. Bb3 Bd4 1/2-1/2

[Event "CZE-ch U16 Girls"]
[Site "Kouty nad Desnou"]
[Date "2013.03.15"]
[Round "8"]
[White "Fuskova, Martina"]
[Black "Pistovcakova, Aneta"]
[Result "1-0"]
[WhiteElo "1751"]
[BlackElo "1625"]
[PlyCount "67"]
[EventDate "2013.03.09"]
[EventType "swiss"]
[EventRounds "9"]
[EventCountry "CZE"]
[SourceTitle "EXT 2015"]
[Source "ChessBase"]
[SourceDate "2014.11.20"]
[SourceVersion "1"]
[SourceVersionDate "2014.11.20"]
[SourceQuality "1"]

1. e4 c5 2. Nf3 g6 3. d4 cxd4 4. Nxd4 Nc6 5. Nc3 Bg7 6. Be3 Nf6 7. Bc4 0-0 8. Bb3 a5 9. 0-0 d6 10. Ndb5 Bd7 11. f3 Ne5 12. a4 Bc6 13. Qd2 Ned7 14. Rad1 Qc8 15. Qe2 b6 16. Bd4 Nc5 17. Bc4 Qb7 18. Rfe1 Rac8 19. e5 dxe5 20. Qxe5 Rfe8 21. Qe3 Bd7 22. b3 Bf5 23. Rd2 h5 24. Rde2 Bf8 25. Qg5 Nh7 26. Qf4 Ne6 27. Bxe6 Bxe6 28. Rxe6 fxe6 29. Qe5 Nf6 30. Qxe6+ Kg7 31. Ne4 Red8 32. Nxf6 exf6 33. Qxf6+ Kh6 34. Qh8+ 1-0

[Event "CZE-ch U16 Girls"]
[Site "Kouty nad Desnou"]
[Date "2013.03.13"]
[Round "6"]
[White "Bohanesova, Vendula"]
[Black "Pistovcakova, Aneta"]
[Result "1/2-1/2"]
[WhiteElo "1646"]
[BlackElo "1625"]
[PlyCount "50"]
[EventDate "2013.03.09"]
[EventType "swiss"]
[EventRounds "9"]
[EventCountry "CZE"]
[SourceTitle "EXT 2015"]
[Source "ChessBase"]
[SourceDate "2014.11.20"]
[SourceVersion "1"]
[SourceVersionDate "2014.11.20"]
[SourceQuality "1"]

1. e4 c5 2. Nf3 g6 3. d4 cxd4 4. Nxd4 Nc6 5. c4 Nf6 6. Nc3 d6 7. Be2 Nxd4 8. Qxd4 Bg7 9. Be3 0-0 10. Qd2 Be6 11. b3 Qa5 12. Rc1 Rfc8 13. 0-0 a6 14. Nd5 Qxd2 15. Nxf6+ Bxf6 16. Bxd2 h5 17. h3 Kg7 18. Bf3 Be5 19. Bc3 Bxc3 20. Rxc3 Rc7 21. Rfc1 Rac8 22. Be2 a5 23. f3 Kf6 24. Kf2 b6 25. Ke3 Rc5 1/2-1/2

[Event "Morava-ch U16"]
[Site "Kouty nad Desnou"]
[Date "2012.10.26"]
[Round "6"]
[White "Pistovcakova, Aneta"]
[Black "Bocek, Tadeas"]
[Result "1/2-1/2"]
[WhiteElo "1625"]
[BlackElo "1812"]
[PlyCount "58"]
[EventDate "2012.10.24"]
[EventType "swiss"]
[EventRounds "9"]
[EventCountry "CZE"]
[SourceTitle "EXT 2015"]
[Source "ChessBase"]
[SourceDate "2014.11.20"]
[SourceVersion "1"]
[SourceVersionDate "2014.11.20"]
[SourceQuality "1"]

1. e4 c5 2. Nc3 Nc6 3. g3 g6 4. Bg2 Bg7 5. d3 e6 6. Be3 Nd4 7. Qd2 Ne7 8. Nd1 d6 9. c3 Ndc6 10. Ne2 Rb8 11. 0-0 0-0 12. Bh6 b5 13. Bxg7 Kxg7 14. f4 b4 15. c4 Qc7 16. Ne3 a5 17. Rf2 Re8 18. Raf1 f5 19. g4 Nd4 20. Ng3 Kh8 21. Qd1 Bd7 22. h4 Rg8 23. g5 Bc6 24. h5 Kg7 25. Bh1 Qd7 26. Rh2 Rh8 27. Rff2 Rbf8 28. Qf1 Ba8 29. Qd1 Bc6 1/2-1/2

[Event "Morava-ch U16"]
[Site "Kouty nad Desnou"]
[Date "2012.10.26"]
[Round "5"]
[White "Scheichenost, Michal"]
[Black "Pistovcakova, Aneta"]
[Result "1/2-1/2"]
[WhiteElo "1602"]
[BlackElo "1625"]
[PlyCount "31"]
[EventDate "2012.10.24"]
[EventType "swiss"]
[EventRounds "9"]
[EventCountry "CZE"]
[SourceTitle "EXT 2015"]
[Source "ChessBase"]
[SourceDate "2014.11.20"]
[SourceVersion "1"]
[SourceVersionDate "2014.11.20"]
[SourceQuality "1"]

1. e4 c5 2. Nf3 g6 3. d4 cxd4 4. Nxd4 Nc6 5. c4 Nf6 6. Nc3 d6 7. Be2 Nxd4 8. Qxd4 Bg7 9. Be3 0-0 10. Qd2 Be6 11. Rc1 Qa5 12. b3 Rfc8 13. f3 a6 14. Nd5 Qxd2+ 15. Bxd2 Bxd5 16. exd5 1/2-1/2

[Event "Morava-ch U16"]
[Site "Kouty nad Desnou"]
[Date "2012.10.24"]
[Round "1"]
[White "Szotkowski, Jakub"]
[Black "Pistovcakova, Aneta"]
[Result "1-0"]
[WhiteElo "2131"]
[BlackElo "1625"]
[PlyCount "65"]
[EventDate "2012.10.24"]
[EventType "swiss"]
[EventRounds "9"]
[EventCountry "CZE"]
[SourceTitle "EXT 2015"]
[Source "ChessBase"]
[SourceDate "2014.11.20"]
[SourceVersion "1"]
[SourceVersionDate "2014.11.20"]
[SourceQuality "1"]

1. d4 Nf6 2. c4 g6 3. Nc3 d5 4. Nf3 Bg7 5. Bf4 0-0 6. e3 dxc4 7. Bxc4 c5 8. 0-0 Nc6 9. d5 Na5 10. Be2 a6 11. Rc1 b6 12. e4 Nh5 13. Be3 Qc7 14. b4 Nb7 15. bxc5 bxc5 16. Na4 Nf4 17. Nxc5 Nxe2+ 18. Qxe2 Qa5 19. Nxb7 Bxb7 20. Rb1 Bc8 21. Bd4 f6 22. Bb6 Qa3 23. Rfc1 Bg4 24. Bc5 Bxf3 25. gxf3 Qa4 26. Bxe7 Rf7 27. d6 Qd7 28. Kg2 Bh6 29. Rc7 Qe6 30. Qc4 Qe5 31. Bd8 Qe8 32. Rbb7 Rxd8 33. Rxf7 1-0

[Event "CZE-ch U16 Girls"]
[Site "Kouty nad Desnou"]
[Date "2012.03.16"]
[Round "8"]
[White "Pistovcakova, Aneta"]
[Black "Richterova, Natasa"]
[Result "0-1"]
[WhiteElo "1557"]
[BlackElo "1830"]
[PlyCount "152"]
[EventDate "2012.03.10"]
[EventType "swiss"]
[EventRounds "9"]
[EventCountry "CZE"]
[SourceTitle "EXT 2013"]
[Source "ChessBase"]
[SourceDate "2012.11.22"]
[SourceVersion "1"]
[SourceVersionDate "2012.11.22"]
[SourceQuality "1"]

1. e4 c5 2. Nc3 Nc6 3. g3 g6 4. Bg2 Bg7 5. d3 d6 6. Be3 Nd4 7. Nge2 Qa5 8. 0-0 e6 9. Nc1 Ne7 10. Nb3 Qc7 11. Qd2 0-0 12. Nd1 Nec6 13. Nc1 Ne5 14. f3 Rb8 15. c3 Ndc6 16. Bh6 f5 17. Bxg7 Qxg7 18. f4 Ng4 19. Ne3 Nxe3 20. Qxe3 fxe4 21. dxe4 e5 22. Ne2 Be6 23. Rfd1 Rbd8 24. Kh1 Bc4 25. Rd2 Qh6 26. b3 Bxe2 27. Qxe2 exf4 28. gxf4 Qxf4 29. Rf1 Qe5 30. Qc4+ Kg7 31. Rdf2 Qe7 32. b4 Ne5 33. Qe2 Rxf2 34. Rxf2 Qh4 35. h3 Nd3 36. Rf3 Ne1 37. Rf1 Nxg2 38. Kxg2 Re8 39. Re1 Re5 40. Kh2 Qf4+ 41. Kh1 Rh5 42. Qe3 Qxe3 43. Rxe3 cxb4 44. cxb4 Re5 45. a3 Kf6 46. Rf3+ Ke6 47. Re3 Ke7 48. Rc3 Kd7 49. Rc4 d5 50. exd5 Rxd5 51. Rf4 Ke6 52. Rf3 Rd2 53. Rc3 Kd6 54. Rf3 Kc6 55. Rf7 Rd7 56. Rf3 Kb5 57. Rc3 Ka4 58. Kg2 Rd2+ 59. Kf1 Ra2 60. Rc7 Rxa3 61. Rxh7 b5 62. Rxa7+ Kxb4 63. Rg7 Rxh3 64. Rxg6 Re3 65. Rb6 Re5 66. Kf2 Kb3 67. Kf3 b4 68. Kf4 Re8 69. Rd6 Ka3 70. Ra6+ Kb2 71. Rb6 b3 72. Kf3 Kc2 73. Rc6+ Kb1 74. Kf2 b2 75. Rb6 Rc8 76. Ke2 Kc2 0-1

[Event "CZE-ch U16 Girls"]
[Site "Kouty nad Desnou"]
[Date "2012.03.14"]
[Round "6"]
[White "Zemkova, Klara"]
[Black "Pistovcakova, Aneta"]
[Result "0-1"]
[WhiteElo "1594"]
[BlackElo "1557"]
[PlyCount "52"]
[EventDate "2012.03.10"]
[EventType "swiss"]
[EventRounds "9"]
[EventCountry "CZE"]
[SourceTitle "EXT 2013"]
[Source "ChessBase"]
[SourceDate "2012.11.22"]
[SourceVersion "1"]
[SourceVersionDate "2012.11.22"]
[SourceQuality "1"]

1. e4 c5 2. Nc3 g6 3. g3 Nc6 4. Bg2 Bg7 5. d3 d6 6. f4 e6 7. Nf3 Nge7 8. 0-0 0-0 9. g4 f5 10. h3 Rb8 11. Qe1 Nd4 12. Rf2 b5 13. Nd1 Nxf3+ 14. Bxf3 Bd7 15. Rg2 Nc6 16. gxf5 Nd4 17. Qg3 Nxf3+ 18. Qxf3 exf5 19. Qg3 Qe7 20. Nf2 Bc6 21. Bd2 Rbe8 22. Re1 Qb7 23. Qe3 Bd4 24. Qg3 fxe4 25. dxe4 Bxe4 26. Rh2 Bxc2 0-1

[Event "CZE-ch U16 Girls"]
[Site "Kouty nad Desnou"]
[Date "2012.03.11"]
[Round "2"]
[White "Stranska, Kamila"]
[Black "Pistovcakova, Aneta"]
[Result "1/2-1/2"]
[WhiteElo "1597"]
[BlackElo "1557"]
[PlyCount "54"]
[EventDate "2012.03.10"]
[EventType "swiss"]
[EventRounds "9"]
[EventCountry "CZE"]
[SourceTitle "EXT 2013"]
[Source "ChessBase"]
[SourceDate "2012.11.22"]
[SourceVersion "1"]
[SourceVersionDate "2012.11.22"]
[SourceQuality "1"]

1. e4 c5 2. Nc3 g6 3. f4 Bg7 4. Nf3 d6 5. Bc4 Nc6 6. 0-0 e6 7. d3 Nge7 8. Re1 0-0 9. a3 a6 10. Bd2 b5 11. Ba2 Qc7 12. Rb1 Bd7 13. Ne2 a5 14. Ng3 Nd4 15. Nxd4 Bxd4+ 16. Be3 Bg7 17. Bd2 b4 18. Qe2 Nc6 19. Be3 Nd4 20. Qd2 bxa3 21. bxa3 Nb5 22. Qc1 Nc3 23. Rb2 Nxa2 24. Rxa2 Rab8 25. Ne2 Rb7 26. Qd2 Rfb8 27. Nc3 Rb2 1/2-1/2

[Event "Liptovsky Mikulas CupT U20"]
[Site "Liptovsky Mikulas"]
[Date "2011.06.28"]
[Round "8"]
[White "Pistovcakova, Aneta"]
[Black "Puzko, Danila"]
[Result "0-1"]
[WhiteElo "1488"]
[BlackElo "1979"]
[PlyCount "90"]
[EventDate "2011.06.24"]
[EventType "team-tourn"]
[EventRounds "9"]
[EventCountry "SVK"]
[SourceTitle "CBM 143 Extra"]
[Source "ChessBase"]
[SourceDate "2011.08.29"]
[SourceVersion "1"]
[SourceVersionDate "2011.08.29"]
[SourceQuality "1"]
[WhiteTeam "Opava Slezan"]
[BlackTeam "St Petersburg U20"]
[WhiteTeamCountry "CZE"]
[BlackTeamCountry "RUS"]

1. e4 c5 2. Nc3 Nc6 3. g3 g6 4. Bg2 Bg7 5. d3 e6 6. Nge2 d6 7. Be3 Nge7 8. Qd2 Nd4 9. 0-0 0-0 10. Nd1 Rb8 11. Nxd4 cxd4 12. Bh6 b5 13. Bxg7 Kxg7 14. a3 Bb7 15. f4 Qb6 16. Kh1 Rbc8 17. Nf2 f5 18. Rae1 Rc7 19. Nh3 h6 20. Qf2 Rfc8 21. Re2 d5 22. e5 b4 23. axb4 Qxb4 24. b3 Rc3 25. Ng1 Qc5 26. Nf3 Nc6 27. Rd1 a5 28. h3 Rf8 29. Ra1 Ba6 30. Ra4 Bb5 31. Nxd4 Nxd4 32. Rxd4 Rc8 33. b4 axb4 34. g4 Rxc2 35. Rxc2 Qxc2 36. Qxc2 Rxc2 37. Rxb4 Bxd3 38. Rb7+ Kf8 39. Rb8+ Ke7 40. Rb7+ Kd8 41. Rh7 Be4 42. Bxe4 fxe4 43. Ra7 e3 44. Ra1 d4 45. Re1 e2 0-1

[Event "Liptovsky Mikulas CupT U20"]
[Site "Liptovsky Mikulas"]
[Date "2011.06.25"]
[Round "3"]
[White "Kerdik, Adam"]
[Black "Pistovcakova, Aneta"]
[Result "1/2-1/2"]
[WhiteElo "1843"]
[BlackElo "1488"]
[PlyCount "68"]
[EventDate "2011.06.24"]
[EventType "team-tourn"]
[EventRounds "9"]
[EventCountry "SVK"]
[SourceTitle "CBM 143 Extra"]
[Source "ChessBase"]
[SourceDate "2011.08.29"]
[SourceVersion "1"]
[SourceVersionDate "2011.08.29"]
[SourceQuality "1"]
[WhiteTeam "Liptov Chess School II"]
[BlackTeam "Opava Slezan"]
[WhiteTeamCountry "SVK"]
[BlackTeamCountry "CZE"]

1. e4 c5 2. Nf3 g6 3. d4 cxd4 4. Nxd4 Nc6 5. Nc3 Bg7 6. Be3 Nf6 7. Bc4 0-0 8. Bb3 a5 9. a4 d6 10. f3 Bd7 11. Qd2 Nxd4 12. Bxd4 Bc6 13. h4 h5 14. Nd5 Bxd5 15. exd5 Nd7 16. g4 hxg4 17. h5 Ne5 18. Bxe5 dxe5 19. hxg6 Qd6 20. gxf7+ Kxf7 21. fxg4 Rh8 22. 0-0-0 Ke8 23. Kb1 Kd7 24. Qg5 Qf6 25. Qxf6 exf6 26. c4 b6 27. Bc2 Kd6 28. Bf5 Rxh1 29. Rxh1 Rh8 30. Rxh8 Bxh8 31. Kc2 Kc5 32. Kd3 Bg7 33. Bd7 Bf8 34. Bb5 Kd6 1/2-1/2

[Event "CZE-chT U20 final-B 1011"]
[Site "Czech Republic"]
[Date "2011.04.17"]
[Round "11.4"]
[White "Krasny, Drahomir"]
[Black "Pistovcakova, Aneta"]
[Result "1/2-1/2"]
[WhiteElo "1879"]
[BlackElo "1455"]
[PlyCount "124"]
[EventDate "2010.10.02"]
[EventType "team-tourn"]
[EventRounds "11"]
[EventCountry "CZE"]
[SourceTitle "EXT 2012"]
[Source "ChessBase"]
[SourceDate "2011.11.24"]
[SourceVersion "1"]
[SourceVersionDate "2011.11.24"]
[SourceQuality "1"]
[WhiteTeam "Udlice (U20)"]
[BlackTeam "Trinec (U20)"]
[WhiteTeamCountry "CZE"]
[BlackTeamCountry "CZE"]

1. e4 c5 2. Nf3 g6 3. d4 cxd4 4. Nxd4 Nc6 5. Nc3 Bg7 6. Be3 Nf6 7. Nxc6 bxc6 8. e5 Ng8 9. Bd4 Nh6 10. Bc4 Nf5 11. 0-0 Nxd4 12. Qxd4 0-0 13. Rad1 Qb6 14. Qxb6 axb6 15. f4 Rd8 16. e6 d5 17. exf7+ Kxf7 18. Bb3 Bf5 19. h3 h5 20. Rf3 Kf8 21. Rd2 Rac8 22. Nd1 Be4 23. Rf1 c5 24. c3 b5 25. Nf2 c4 26. Nxe4 dxe4 27. Rxd8+ Rxd8 28. Rd1 Rd6 29. Bc2 Rxd1+ 30. Bxd1 e5 31. fxe5 Bxe5 32. Bc2 e3 33. Bxg6 h4 34. Kf1 Ke7 35. Ke2 Kd6 36. Kxe3 Kc5 37. Kd2 b4 38. cxb4+ Kxb4 39. Kc2 Ka4 40. Bf7 Kb5 41. Bh5 Ka4 42. Be2 Kb4 43. Bh5 Kc5 44. a3 Kb6 45. Be2 Kc5 46. a4 Kb4 47. a5 Kxa5 48. Bxc4 Kb4 49. Be6 Bg3 50. b3 Be5 51. Kd3 Bg3 52. Ke4 Be1 53. g4 hxg3 54. Kf3 g2 55. Kxg2 Bh4 56. Kf3 Kc5 57. Kg4 Be7 58. h4 Kd6 59. Bf5 Ke5 60. h5 Kf6 61. h6 Bf8 62. h7 Kg7 1/2-1/2

[Event "CZE-ch U14 Girls"]
[Site "Kouty nad Desnou"]
[Date "2011.03.14"]
[Round "4"]
[White "Pistovcakova, Aneta"]
[Black "Dumkova, Daniela"]
[Result "1-0"]
[WhiteElo "1466"]
[BlackElo "1250"]
[PlyCount "115"]
[EventDate "2011.03.12"]
[EventType "swiss"]
[EventRounds "9"]
[EventCountry "CZE"]
[SourceTitle "EXT 2014"]
[Source "ChessBase"]
[SourceDate "2013.11.20"]
[SourceVersion "1"]
[SourceVersionDate "2013.11.20"]
[SourceQuality "1"]

1. e4 e5 2. Nf3 Nc6 3. d4 exd4 4. Bc4 Bb4+ 5. c3 dxc3 6. bxc3 Ba5 7. 0-0 Nge7 8. Ng5 Ne5 9. Nxf7 Nxf7 10. Bxf7+ Kxf7 11. Qh5+ Ng6 12. Qd5+ Kf8 13. Qxa5 d6 14. Bg5 Ne7 15. Qb4 Kf7 16. Nd2 Rf8 17. Rad1 Nc6 18. Qb5 Qe8 19. Qb3+ Qe6 20. Nc4 b6 21. Rfe1 Ba6 22. Ne3 Qxb3 23. axb3 h6 24. Bf4 Rac8 25. Bg3 Rfe8 26. f3 Ne5 27. Bxe5 Rxe5 28. Rd5 Rxd5 29. Nxd5 c6 30. Nb4 Bb7 31. Rd1 a5 32. Nc2 Rd8 33. Kf2 Ke6 34. Ke3 g5 35. Nd4+ Ke5 36. Nf5 Bc8 37. Nxh6 Rf8 38. h3 Rf6 39. Ng4+ Bxg4 40. fxg4 Rf4 41. Rd4 b5 42. c4 bxc4 43. Rxc4 d5 44. exd5 Rxc4 45. bxc4 cxd5 46. cxd5 Kxd5 47. Kd3 Kc5 48. Kc3 a4 49. g3 Kd5 50. h4 Ke5 51. h5 Kf6 52. Kb4 Kg7 53. Kxa4 Kh6 54. Kb5 Kg7 55. Kc5 Kh6 56. Kd6 Kg7 57. Ke6 Kh7 58. Kf5 1-0

[Event "CZE-chTE U20 1011"]
[Site "Czech Republic"]
[Date "2011.01.15"]
[Round "7.5"]
[White "Pistovcakova, Aneta"]
[Black "Tyn, Marek"]
[Result "0-1"]
[WhiteElo "1455"]
[BlackElo "1821"]
[PlyCount "114"]
[EventDate "2010.10.02"]
[EventType "team-tourn"]
[EventRounds "11"]
[EventCountry "CZE"]
[SourceTitle "EXT 2012"]
[Source "ChessBase"]
[SourceDate "2011.11.24"]
[SourceVersion "1"]
[SourceVersionDate "2011.11.24"]
[SourceQuality "1"]
[WhiteTeam "Trinec (U20)"]
[BlackTeam "Havirov (U20)"]
[WhiteTeamCountry "CZE"]
[BlackTeamCountry "CZE"]

1. e4 c5 2. Nc3 d6 3. g3 Nc6 4. Bg2 g6 5. d3 Bg7 6. Be3 Nf6 7. Nge2 0-0 8. 0-0 Bd7 9. h3 Rb8 10. Qd2 Qc8 11. Kh2 b5 12. Bh6 b4 13. Nd1 Na5 14. Bxg7 Kxg7 15. a3 Qc7 16. Ne3 b3 17. Qc3 Be6 18. f4 bxc2 19. Qxc2 Qb6 20. f5 Bd7 21. Rab1 Qb3 22. Qc3 Nc6 23. d4 cxd4 24. Nxd4 Qxc3 25. bxc3 Ne5 26. Nd5 Nxd5 27. exd5 Rfc8 28. Rxb8 Rxb8 29. fxg6 hxg6 30. Rf2 Rb1 31. Ra2 Ba4 32. Be4 Rc1 33. Bc2 Bxc2 34. Nxc2 Nc4 35. g4 Kf6 36. a4 Nb6 37. Nb4 Rxc3 38. a5 Nc8 39. Rf2+ Kg7 40. Rf4 Rc5 41. a6 Nb6 42. Rd4 f6 43. Kg3 g5 44. Kf3 Kf7 45. Ke2 Rc3 46. Rd3 Rc4 47. Rb3 Rc7 48. Kd3 Ke8 49. Kd4 Rc4+ 50. Kd3 Rc7 51. Kd4 Kd7 52. Kd3 e6 53. dxe6+ Kxe6 54. Nc2 Nd7 55. Nd4+ Kd5 56. Rb5+ Nc5+ 57. Ke3 Re7+ 0-1

[Event "CZE-chTE U20 1011"]
[Site "Czech Republic"]
[Date "2010.10.02"]
[Round "1.5"]
[White "Hofirek, Benedikt"]
[Black "Pistovcakova, Aneta"]
[Result "1-0"]
[WhiteElo "1906"]
[BlackElo "1455"]
[PlyCount "111"]
[EventDate "2010.10.02"]
[EventType "team-tourn"]
[EventRounds "11"]
[EventCountry "CZE"]
[SourceTitle "EXT 2012"]
[Source "ChessBase"]
[SourceDate "2011.11.24"]
[SourceVersion "1"]
[SourceVersionDate "2011.11.24"]
[SourceQuality "1"]
[WhiteTeam "Brno Lokomotiva (U20)"]
[BlackTeam "Trinec (U20)"]
[WhiteTeamCountry "CZE"]
[BlackTeamCountry "CZE"]

1. d4 d5 2. c4 e6 3. Nc3 Nf6 4. cxd5 exd5 5. Bg5 Be7 6. e3 0-0 7. Bd3 Nbd7 8. Nf3 b6 9. Rc1 Bb7 10. 0-0 c5 11. Qa4 Ne4 12. Bf4 Ndf6 13. Ba6 Bxa6 14. Qxa6 Qc8 15. Qxc8 Rfxc8 16. Rfd1 Rd8 17. Ne5 Rac8 18. Nb5 a6 19. Na7 Ra8 20. Nac6 Re8 21. f3 Nd6 22. Nxe7+ Rxe7 23. dxc5 bxc5 24. Rxc5 Nb5 25. Rdc1 Ree8 26. a4 Nd6 27. g4 h6 28. h4 Nb7 29. Rc7 Nd8 30. Rc8 Rxc8 31. Rxc8 Ne6 32. Rxe8+ Nxe8 33. Nd3 g5 34. hxg5 hxg5 35. Be5 f6 36. Bc3 Kf7 37. Nb4 N8c7 38. Nd3 Kg6 39. Kf2 f5 40. Ne5+ Kh7 41. gxf5 Ng7 42. e4 Kg8 43. Ba5 Nge8 44. f6 Nxf6 45. Bxc7 dxe4 46. fxe4 Nxe4+ 47. Kf3 Nc5 48. a5 Kg7 49. Bb6 Ne6 50. b4 Kf6 51. Nd7+ Ke7 52. Nc5 Nxc5 53. bxc5 Kd7 54. Kg4 Kc6 55. Kxg5 Kb7 56. Kf6 1-0

[Event "CZE-chTE U20 1011"]
[Site "Czech Republic"]
[Date "2010.10.02"]
[Round "2.5"]
[White "Pistovcakova, Aneta"]
[Black "Kratochvil, Vit"]
[Result "1/2-1/2"]
[WhiteElo "1455"]
[BlackElo "1857"]
[PlyCount "80"]
[EventDate "2010.10.02"]
[EventType "team-tourn"]
[EventRounds "11"]
[EventCountry "CZE"]
[SourceTitle "EXT 2012"]
[Source "ChessBase"]
[SourceDate "2011.11.24"]
[SourceVersion "1"]
[SourceVersionDate "2011.11.24"]
[SourceQuality "1"]
[WhiteTeam "Trinec (U20)"]
[BlackTeam "Namest nad Oslavou (U20)"]
[WhiteTeamCountry "CZE"]
[BlackTeamCountry "CZE"]

1. e4 c5 2. Nc3 d6 3. g3 Nc6 4. Bg2 Nf6 5. Nge2 g6 6. d3 Bg7 7. 0-0 0-0 8. Be3 Bd7 9. Qd2 Rb8 10. Bh6 b5 11. Bxg7 Kxg7 12. f4 b4 13. Nd1 Qc8 14. Ne3 Bh3 15. f5 Bxg2 16. Kxg2 Ne5 17. Nf4 c4 18. Nfd5 Nxd5 19. Nxd5 cxd3 20. cxd3 e6 21. f6+ Kh8 22. Qh6 Rg8 23. Ne7 Qc2+ 24. Kh1 Ng4 25. Qh3 Nf2+ 26. Rxf2 Qxf2 27. Nxg8 Rxg8 28. Qg2 Qxf6 29. Rf1 Qg7 30. Qf2 f5 31. exf5 exf5 32. Qd2 Qb7+ 33. Kg1 Re8 34. Re1 Rxe1+ 35. Qxe1 Qb6+ 36. Kf1 Qb5 37. Qe3 Qa5 38. Qe8+ Kg7 39. Qe7+ Kg8 40. Qe8+ Kg7 1/2-1/2

[Event "CZE-ch U14 Girls"]
[Site "Kouty nad Desnou"]
[Date "2010.03.12"]
[Round "8"]
[White "Blechova, Lenka"]
[Black "Pistovcakova, Aneta"]
[Result "1/2-1/2"]
[WhiteElo "1416"]
[BlackElo "1390"]
[PlyCount "34"]
[EventDate "2010.03.06"]
[EventType "swiss"]
[EventRounds "9"]
[EventCountry "CZE"]
[SourceTitle "EXT 2012"]
[Source "ChessBase"]
[SourceDate "2011.11.24"]
[SourceVersion "1"]
[SourceVersionDate "2011.11.24"]
[SourceQuality "1"]

1. e4 e5 2. Nf3 Nc6 3. Bc4 Bc5 4. d3 Nf6 5. 0-0 d6 6. h3 h6 7. Nc3 0-0 8. a3 Be6 9. Nd5 Re8 10. b4 Bb6 11. Nxb6 axb6 12. Bb5 Bd7 13. Bc4 Be6 14. Bb5 Bd7 15. Bc4 Be6 16. Bb5 Bd7 17. Bc4 Be6 1/2-1/2

[Event "CZE-ch U14 Girls"]
[Site "Kouty nad Desnou"]
[Date "2010.03.11"]
[Round "7"]
[White "Rojikova, Lenka"]
[Black "Pistovcakova, Aneta"]
[Result "1-0"]
[WhiteElo "1381"]
[BlackElo "1390"]
[PlyCount "107"]
[EventDate "2010.03.06"]
[EventType "swiss"]
[EventRounds "9"]
[EventCountry "CZE"]
[SourceTitle "EXT 2012"]
[Source "ChessBase"]
[SourceDate "2011.11.24"]
[SourceVersion "1"]
[SourceVersionDate "2011.11.24"]
[SourceQuality "1"]

1. e4 e5 2. f4 d6 3. Nf3 Nc6 4. Bc4 Nf6 5. d3 Be7 6. 0-0 Bg4 7. h3 Bxf3 8. Qxf3 Nd4 9. Qf2 0-0 10. c3 Nc6 11. Qg3 Qd7 12. fxe5 Nxe5 13. Bb3 Nh5 14. Qe3 h6 15. d4 Bg5 16. Qe1 Nd3 17. Qe2 Bxc1 18. Qxh5 Bxb2 19. Qe2 Bxa1 20. Qxd3 c6 21. Nd2 Bb2 22. Nc4 Bxc3 23. Qxc3 Rad8 24. e5 d5 25. Nd6 b6 26. Nf5 g6 27. Nxh6+ Kg7 28. Ng4 Qc7 29. Qf3 Qe7 30. Nf6 Rh8 31. Qg3 Rh6 32. Qg5 Re8 33. h4 Rh5 34. Nxe8+ Qxe8 35. Qf6+ Kg8 36. Ba4 b5 37. Bd1 Rh6 38. h5 Qe6 39. Qxe6 fxe6 40. Rf6 Kg7 41. g4 gxh5 42. Rxh6 Kxh6 43. gxh5 Kg7 44. Kf2 Kh6 45. Ke3 Kg5 46. Kd3 a6 47. Kc3 a5 48. Kb3 Kf5 49. Bg4+ Kg5 50. Kc3 Kh6 51. Bxe6 Kxh5 52. Bd7 Kg6 53. Bxc6 Kf7 54. Kb3 1-0

[Event "CZE-ch U14 Girls"]
[Site "Kouty nad Desnou"]
[Date "2010.03.06"]
[Round "1"]
[White "Richterova, Natasa"]
[Black "Pistovcakova, Aneta"]
[Result "1-0"]
[WhiteElo "1702"]
[BlackElo "1390"]
[PlyCount "59"]
[EventDate "2010.03.06"]
[EventType "swiss"]
[EventRounds "9"]
[EventCountry "CZE"]
[SourceTitle "EXT 2012"]
[Source "ChessBase"]
[SourceDate "2011.11.24"]
[SourceVersion "1"]
[SourceVersionDate "2011.11.24"]
[SourceQuality "1"]

1. e4 e5 2. Nf3 Nc6 3. Nc3 Nf6 4. d4 exd4 5. Nxd4 Bb4 6. Nxc6 bxc6 7. Bd3 d5 8. exd5 cxd5 9. 0-0 0-0 10. Bg5 c6 11. Ne2 Re8 12. c3 Be7 13. Nd4 Qc7 14. h3 Bd7 15. Re1 h6 16. Bh4 Rab8 17. Bg3 Bd6 18. Bxd6 Qxd6 19. Qd2 Rxe1+ 20. Rxe1 Re8 21. Rxe8+ Nxe8 22. Qe3 c5 23. Nf5 Qb6 24. Ne7+ Kh8 25. Nxd5 Qxb2 26. Qxc5 f5 27. Qf8+ Kh7 28. Bxf5+ Bxf5 29. Qxf5+ Kg8 30. Ne7+ 1-0